| Tag |
First Indicator |
Second Indicator |
Subfields |
| LEADER |
00000cam a2200000 a 4500 |
| 001 |
in00001483613 |
| 005 |
20151021061922.0 |
| 008 |
980825s1999 enka b 001 0 eng |
| 010 |
|
|
|a 98042346
|
| 020 |
|
|
|a 0521580420
|
| 035 |
|
|
|a (OCoLC)39787573
|
| 035 |
|
|
|9 AJG0488AM
|
| 040 |
|
|
|a DLC
|c DLC
|d TXA
|d UtOrBLW
|
| 043 |
|
|
|a e-gx---
|
| 049 |
|
|
|a TXAM
|
| 050 |
0 |
0 |
|a HQ792.G3
|b I53 1999
|
| 082 |
0 |
0 |
|a 305.231
|2 21
|
| 245 |
0 |
0 |
|a Individual development from 3 to 12 :
|b findings from the Munich longitudinal study /
|c edited by Franz E. Weinert, Wolfgang Schneider.
|
| 246 |
3 |
|
|a Individual development from three to twelve
|
| 264 |
|
1 |
|a Cambridge ;
|a New York :
|b Cambridge University Press,
|c 1999.
|
| 300 |
|
|
|a x, 360 pages :
|b illustrations ;
|c 24 cm.
|
| 336 |
|
|
|a text
|b txt
|2 rdacontent
|
| 337 |
|
|
|a unmediated
|b n
|2 rdamedia
|
| 338 |
|
|
|a volume
|b nc
|2 rdacarrier
|
| 504 |
|
|
|a Includes bibliographical references and indexes.
|
| 650 |
|
0 |
|a Child development
|z Germany
|z Munich
|x Longitudinal studies.
|
| 700 |
1 |
|
|a Weinert, Franz E.,
|d 1930-
|
| 700 |
1 |
|
|a Schneider, Wolfgang.
|
| 948 |
|
|
|a c:jal
|
| 999 |
|
|
|a MARS
|
| 999 |
f |
f |
|s cbae9486-c2bf-3c91-a8c3-41ead0c14475
|i 7acfd450-b303-3bba-9fa0-040866e2a154
|t 0
|
| 952 |
f |
f |
|p ric
|a Texas A&M University
|b Rellis Campus
|c Joint Library Facility
|d Remote Storage
|t 0
|e HQ792.G3 I53 1999
|h Library of Congress classification
|i unmediated -- volume
|m A14824103356
|
| 998 |
f |
f |
|a HQ792.G3 I53 1999
|t 0
|l Remote Storage
|